Responses for Show #4302 - Tuesday, April 22, 2003

Contestants

[<< previous game]

Robin Alvares, a university professor from Edinboro, Pennsylvania

Matt Caruso, a director of market research from Los Angeles, California

Sarah Conrad, a senior program associate from Columbia, South Carolina (whose 1-day cash winnings total $10,200)

[next game >>]

Jeopardy! Round responses

EXPLORATION
GOULASH
1980s CINEPLEX
CROSSWORD CLUES "L"
MANLY MEN KNOW...
BALLET
(Alex: Do they?)
    $200 11
(Sarah: What is an antelope?)
(Robin: What is a goat?)

sheep

SarahRobin
Triple Stumper
    $200 16
SOS

Matt
    $200 1
Arthur

Robin
    $200 6
Lafayette

Triple Stumper
    $200 24
(Alex: We have less than a minute to go now, Matt.)

hook

Triple Stumper
    $200 14
Pablo Picasso

Sarah
    $400 12
Hernando Cortez

Matt
    $400 17
monster truck

Matt
    $400 2
Rain Man

Sarah
    $400 7
lust

Sarah
    $400 25
buckshot

Matt
    $400 15
A Midsummer Night's Dream

Robin
    $600 13
(Sarah: Who is Verrazano?)
(Robin: Who is Sam Juan de Fuca?)
...
(Alex: His name was [*], not Saint [*].)

Juan de Fuca

SarahRobin
Triple Stumper
    $600 18
Clue

Matt
    $600 3
Dead Ringers

Matt
    $600 8
Lanza

Matt
    $600 26
muskie/musky

Triple Stumper
    $600 20
pirouette

Robin
    $800 22
Antarctica

Matt
    $800 19
the Iranian hostages

Sarah
    $800 4
The Last Emperor

Matt
    $1,000 9
lash

Matt
    $800 27
rod

Sarah
    $800 28
heels

Matt
    $1000 23
Carthage

Matt
    $1000 21
bell

Matt
    $1000 5
(Matt: What is The Seventh Seal?)
...
(Alex: I believe The Seventh Seal was Ingmar Bergman's film.)

The Seventh Sign

MattRobin
    $1000 10
loge

Matt
    $1000 29
[The end-of-round signal sounds.]

tongue & groove

Robin

Scores at the first commercial break (after clue 15):

Sarah Matt Robin
$200 $3,400 $800

Scores at the end of the Jeopardy! Round:

Sarah Matt Robin
$1,800 $8,600 $2,400

Double Jeopardy! Round responses

PHILOSOPHY
GOOD SPORTS
ANNUAL EVENTS
LAKES & RIVERS
AN ARM
A "LEG"
    $400 7
yin & yang

Sarah
    $400 12
Kareem Abdul-Jabbar

Robin
    $400 22
kites

Sarah
    $400 17
Mississippi River

Matt
    $400 6
Prince Charles

Sarah
    $400 1
a leg up

Sarah
    $800 8
(Robin: Who was Isaac?)

Abraham

SarahRobin
    $800 13
99 yards

Matt
    $800 23
Munchkins

Sarah
    $800 18
Ganges

Matt
    $800 27
"The Thinker"

Matt
    $800 2
Legree

Robin
    $1200 9
skeptic

Matt
    $1,600 14
(Matt: Who is Thorpe?)

Johnny Weissmuller

Matt
    $1200 24
(Alex: With less than a minute to go.)

Austria

Matt
    $1200 19
Lake Geneva

Robin
    $1200 28
Lord Nelson

Robin
    $1200 3
(Matt: What is a leg of chicken?)

leghorn

MattRobin
    $1600 10
(Matt: What is empiricism?)

idealism

Matt
Triple Stumper
    $1600 15
Jack Nicklaus

Robin
    $1600 25
lanterns

Matt
    $3,000 20
(Robin: What are Michigan & Superior?)

Lake Michigan & Lake Huron

Robin
    $1600 29
[The end-of-round signal sounds.]

humerus

Matt
    $1600 4
legate

Robin
    $2000 11
(Matt: Who is Moore?)
(Sarah: Who is Hobbes?)

Jeremy Bentham

SarahMatt
Triple Stumper
    $2000 16
Greg LeMond

Triple Stumper
    $2000 26
steeplechases

Matt
    $2000 21
Lake Louise

Robin
    $2000 5
Michel Legrand

Robin

Scores at the end of the Double Jeopardy! Round:

Sarah Matt Robin
$3,000 $12,600 $10,600

[wagering suggestions for these scores]

Final Jeopardy! Round responses

MUSICALS
SarahWhat are Cats & the Fantasticks?
$0
RobinWhat are "Cats" & "A Chorus Line"?
$10,400
MattWhat is Cats & Les Miserables
$9,601
Cats & Les Miserables

Final scores:

Sarah Matt Robin
$3,000 $22,201 $200
2nd place: $2,000 New champion: $22,201 3rd place: $1,000

Game dynamics:

Coryat scores:

Sarah Matt Robin
$3,000 $14,000 $13,600
11 R,
3 W
23 R
(including 1 DD),
5 W
(including 1 DD)
14 R,
4 W
(including 1 DD)

Combined Coryat: $30,600

[game clues] [game scores] [suggest correction]

Game tape date: 2003-01-29
The J! Archive is created by fans, for fans. Scraping, republication, monetization, and malicious use prohibited; this site may use cookies and collect identifying information. See terms. The Jeopardy! game show and all elements thereof, including but not limited to copyright and trademark thereto, are the property of Jeopardy Productions, Inc. and are protected under law. This website is not affiliated with, sponsored by, or operated by Jeopardy Productions, Inc. Join the discussion at JBoard.tv.